00371nam a2200121Ia 450000500170000000800410001708200130005810000170007124500400008826000480012830000130017650000600018920250322130507.0240331s9999 xx 000 0 und d bMANa894 aManoharan, T 0aIlankaiyil thamil ilakkiya valarchi aKalaivani Book CentrebJaffna & Kandyc1997 a225 p ., aA book Ilaththu illakkiya kalai varalarinai patriyathu